000 00587nam a2200193Ia 4500
003 IN-BaIIA
008 211028s9999 xx 000 0 eng d
040 _cIIA Library
080 _a621.382.3
_bSIM
100 _aSimpson, J. H.
_93961
245 0 _aPhysical principles and applications of junction transistors
_cJ. H. Simpson
260 _aOxford
_bThe Clarendon Press
_c1962
300 _axiv, 519p.
490 _aMonographs on the physics and chemistry of materials
650 _aJunction transistors
_93962
650 _aNASA Thesaurus
650 _aThyristors
_93963
942 _cBK
999 _c2182
_d2182